000 00646nam a2200241Ia 4500
003 OSt
005 20221007100931.0
006 a|||||r|||| 00| 0
007 ta
008 221006b |||||||| |||| 00| 0 eng d
024 _a5,478
037 _cTextual
040 _aLCO
_cLCO
_beng
041 _2eng
_aeng
082 _aZ2,7,11, K8
100 _aVENKATARAMA AIYER T L
_9702316
245 0 _aMulla the key to Indian practice
260 _aBombay
_bN M Tripathi
_c1968
300 _a912
650 _aINDIAN PRACTICE LAW
_9702317
942 _hZ2,7,11, K8
_cTEXL
999 _c1175041
_d1175041